[Event "Sweden-SC Forchheim e.V."]
[Site "Radebeul"]
[Date "2016.06.27"]
[Round "?"]
[White "Holst, Conny"]
[Black "Bartsch, Berthold"]
[Result "1-0"]
[WhiteElo "2148"]
[BlackElo "2270"]
[PlyCount "53"]
[EventDate "2016.??.??"]

1. d4 Nf6 2. c4 e5 3. dxe5 Ng4 4. Bf4 Bb4+ 5. Nd2 Nc6 6. Ngf3 Qe7 7. e3 Ngxe5
8. Nxe5 Nxe5 9. Be2 b6 10. O-O Bxd2 11. Qxd2 Bb7 12. Rac1 d6 13. b4 O-O 14. c5
dxc5 15. bxc5 Rfe8 16. Qc3 Bd5 17. Rfd1 c6 18. a4 Nd7 19. cxb6 axb6 20. Bc4 Be4
21. f3 Bg6 22. Rd6 Nb8 23. Qd4 Qa7 24. Rd8 Qe7 25. Rd1 Na6 26. Rxe8+ Qxe8 27.
Qxb6 1-0

[Event "Iceland-SV Eiche Reichenbrand"]
[Site "Radebeul"]
[Date "2016.06.27"]
[Round "?"]
[White "Petursson, Margeir"]
[Black "Fehlhammer, Michael"]
[Result "1-0"]
[WhiteElo "2509"]
[BlackElo "2174"]
[PlyCount "55"]
[EventDate "2016.??.??"]

1. g3 Nf6 2. Bg2 e6 3. c4 c5 4. Nf3 Nc6 5. O-O Be7 6. d4 cxd4 7. Nxd4 O-O 8.
Nc3 d5 9. cxd5 exd5 10. Be3 Be6 11. h3 Qd7 12. Kh2 Rfd8 13. Qa4 a6 14. Rad1 b5
15. Qc2 Rac8 16. a3 Ne5 17. Bc1 a5 18. f4 Bxh3 19. fxe5 Bxg2 20. Kxg2 Ne4 21.
Qd3 b4 22. axb4 axb4 23. Nxe4 dxe4 24. Qxe4 Rxc1 25. Rxc1 Qxd4 26. Qxd4 Rxd4
27. Rc8+ Bd8 28. Rf4 1-0

[Event "SV Eiche Reichenbrand-Latvia Women"]
[Site "Radebeul"]
[Date "2016.06.28"]
[Round "?"]
[White "Fehlhammer, Michael"]
[Black "Vilerte, Tamara"]
[Result "1/2-1/2"]
[WhiteElo "2174"]
[BlackElo "2030"]
[PlyCount "123"]
[EventDate "2016.??.??"]

1. e4 c5 2. c3 d6 3. d4 Nf6 4. Bd3 Nc6 5. Nf3 Bg4 6. d5 Bxf3 7. Qxf3 Ne5 8. Qe2
Nxd3+ 9. Qxd3 g6 10. Nd2 Qd7 11. a4 b6 12. O-O Bg7 13. Nc4 O-O 14. h3 Rac8 15.
Bf4 Rcd8 16. Rfd1 Qb7 17. Qf3 Rd7 18. Rd2 Qa6 19. b3 b5 20. Nb2 Qa5 21. Rdd1
Nh5 22. Bd2 Qb6 23. g4 Nf6 24. Rdb1 a6 25. Ra2 Qb7 26. c4 bxc4 27. Nxc4 e6 28.
Na5 Qc7 29. Bc3 exd5 30. exd5 Nxd5 31. Bxg7 Kxg7 32. Qxd5 Qxa5 33. b4 Qb6 34.
b5 axb5 35. axb5 Rb8 36. Kh2 Qd8 37. Ra6 Qf6 38. Kg2 Qe5 39. Qxe5+ dxe5 40. Rc6
Rd5 41. b6 e4 42. Kf1 Rd7 43. Rxc5 Rd6 44. b7 Rd7 45. Rcb5 Kf6 46. Ke2 Ke6 47.
Ke3 f5 48. Kf4 fxg4 49. hxg4 Rf7+ 50. Ke3 Rf3+ 51. Ke2 Rc3 52. Ra1 Rc7 53. Ra6+
Kd7 54. Rab6 Rc6 55. Ke3 Rxb6 56. Rxb6 Kc7 57. Rb1 Rxb7 58. Rxb7+ Kxb7 59. Kxe4
Kc6 60. Kf4 h6 61. Ke5 h5 62. gxh5 1/2-1/2

[Event "Rochade Bielefeld Revival-SG Gera/ Meus"]
[Site "Radebeul"]
[Date "2016.06.28"]
[Round "?"]
[White "Thoele, Wolfgang"]
[Black "Kohl, Anke"]
[Result "1-0"]
[WhiteElo "1990"]
[BlackElo "1511"]
[PlyCount "47"]
[EventDate "2016.??.??"]

1. e4 c5 2. Nc3 d6 3. d3 Nf6 4. g3 g6 5. Bg2 Bg7 6. f4 Nbd7 7. Nf3 O-O 8. O-O
Rb8 9. Be3 b5 10. Qe2 a6 11. Rae1 b4 12. Nd1 Nb6 13. e5 dxe5 14. Bxc5 Bg4 15.
fxe5 Nfd7 16. Bd4 Qc7 17. Nf2 e6 18. Nxg4 Rfc8 19. Rf2 Nd5 20. Qd2 Bf8 21. Nh6+
Bxh6 22. Qxh6 Nc5 23. Ng5 f5 24. Bxc5 1-0

[Event "SK Kaltenkirchen-Stiftung BSW / DBAG II"]
[Site "Radebeul"]
[Date "2016.06.28"]
[Round "?"]
[White "Pantel, Heinrich"]
[Black "Stahr, Ralf-Peter"]
[Result "0-1"]
[WhiteElo "1801"]
[BlackElo "2018"]
[PlyCount "36"]
[EventDate "2016.??.??"]

1. c4 c5 2. Nc3 Nc6 3. Nf3 g6 4. d4 cxd4 5. Nxd4 Bg7 6. e3 Nf6 7. Be2 d5 8.
Nxc6 bxc6 9. O-O O-O 10. cxd5 cxd5 11. Bd3 Qc7 12. Qe2 Ng4 13. g3 Rd8 14. Bd2
Ne5 15. Rfc1 Bg4 16. Qf1 Nf3+ 17. Kg2 Nxd2 18. Nxd5 Qd7 0-1

[Event "Deutsche Schach-Loewen-Dettmann"]
[Site "Radebeul"]
[Date "2016.06.28"]
[Round "?"]
[White "Carsten, Juergen"]
[Black "Dettmann, Holger"]
[Result "0-1"]
[WhiteElo "1789"]
[BlackElo "2040"]
[PlyCount "50"]
[EventDate "2016.??.??"]

1. e4 d5 2. e5 Bf5 3. d4 Qd7 4. Nf3 Nc6 5. c3 f6 6. Bf4 g5 7. Be3 h5 8. Bd3 h4
9. Qc2 Bxd3 10. Qxd3 O-O-O 11. Na3 g4 12. Nd2 Bh6 13. f4 gxf3 14. Nxf3 fxe5 15.
dxe5 Qg4 16. Bxh6 Nxh6 17. Qe2 Rhg8 18. Rg1 Rdf8 19. O-O-O h3 20. Rxd5 hxg2 21.
Nd4 Rf1+ 22. Kc2 Nxd4+ 23. Rxd4 Qxe2+ 24. Rd2 Qe4+ 25. Kb3 Rxg1 0-1

[Event "Dettmann-Deutsche Schach-Loewen"]
[Site "Radebeul"]
[Date "2016.06.28"]
[Round "?"]
[White "Dettmann, Uwe"]
[Black "Schwieger, Wolfgang"]
[Result "1/2-1/2"]
[WhiteElo "1909"]
[BlackElo "1825"]
[PlyCount "75"]
[EventDate "2016.??.??"]

1. d4 d5 2. Nf3 Nf6 3. e3 e6 4. c4 b6 5. Nc3 Bb7 6. Be2 Be7 7. O-O O-O 8. b3
Nbd7 9. Bb2 Re8 10. Rc1 a6 11. Re1 Rc8 12. a3 Bd6 13. Qc2 c5 14. Qd1 Qe7 15. a4
Ne4 16. Nxe4 dxe4 17. Nd2 f5 18. Nf1 Rcd8 19. f4 cxd4 20. Bxd4 Bc5 21. Bxc5
Nxc5 22. Qc2 Nd3 23. Bxd3 Rxd3 24. Red1 Red8 25. Rxd3 Rxd3 26. Rd1 Qd6 27. Rxd3
exd3 28. Qd2 Be4 29. Qb2 a5 30. Nd2 Kf7 31. Kf2 Qc6 32. Nf3 Qd6 33. Nd2 Kf8 34.
Qd4 Qc6 35. Nf3 h6 36. Qd8+ Qe8 37. Qxb6 Bxf3 38. gxf3 1/2-1/2

[Event "SK Norderstedt von 1975 e.V.-Liechtenst"]
[Site "Radebeul"]
[Date "2016.06.28"]
[Round "?"]
[White "Voitel, Dietrich"]
[Black "Guller, Andras"]
[Result "0-1"]
[WhiteElo "1559"]
[BlackElo "2013"]
[PlyCount "114"]
[EventDate "2016.??.??"]

1. c4 c6 2. Nc3 d5 3. e3 Nf6 4. h3 g6 5. d4 Bg7 6. c5 O-O 7. Be2 b6 8. b4 a5 9.
Rb1 axb4 10. Rxb4 bxc5 11. dxc5 Na6 12. Bxa6 Bxa6 13. Nge2 Nd7 14. Na4 Bb5 15.
Nd4 Bxa4 16. Rxa4 Nxc5 17. Rxa8 Qxa8 18. O-O Ne4 19. Qc2 c5 20. Nb3 Rc8 21. Qe2
e6 22. Qb5 Qxa2 23. Qb7 Qa8 24. Qxa8 Rxa8 25. f3 {(=)} Ng3 26. Rf2 c4 27. Nd4
Bxd4 28. exd4 Ra1 29. Kh2 Rxc1 30. Kxg3 Rd1 31. Kf4 f6 32. Ke3 Rd3+ 33. Ke2
Rxd4 34. Rf1 c3 35. g3 c2 36. Rc1 Rc4 37. Kd3 Kf7 38. f4 e5 39. fxe5 fxe5 40.
g4 Ke6 41. h4 e4+ 42. Ke3 Ke5 43. h5 gxh5 44. gxh5 Rc3+ 45. Ke2 d4 46. Kd2 e3+
47. Ke2 Ke4 48. h6 d3+ 49. Kf1 Rc6 50. Kg2 d2 51. Ra1 c1=Q 52. Ra4+ Rc4 53. Ra7
d1=Q 54. Re7+ Kd3 55. Rd7+ Rd4 56. Rg7 Qh1+ 57. Kg3 Qce1# 0-1

[Event "SF Monheim Revival-TSG Markkleeberg von"]
[Site "Radebeul"]
[Date "2016.06.28"]
[Round "?"]
[White "Weisshaupt, Rainer"]
[Black "Fuchs, Joachim"]
[Result "1-0"]
[WhiteElo "2114"]
[BlackElo "1819"]
[PlyCount "108"]
[EventDate "2016.??.??"]

1. d4 d6 2. c4 e5 3. Nf3 Nd7 4. Nc3 Ngf6 5. Bg5 Be7 6. e3 c6 7. Qc2 O-O 8. Be2
exd4 9. exd4 h6 10. Bh4 d5 11. O-O dxc4 12. Bxc4 Nb6 13. Bb3 Nfd5 14. Bxe7 Nxe7
15. Rfe1 Bf5 16. Qe2 Ned5 17. Ne5 Qd6 18. Qf3 Be6 19. Ne4 Qd8 20. Nc5 Rb8 21.
Rad1 Qg5 22. g3 Bh3 23. Ne4 Qf5 24. Qxf5 Bxf5 25. Nc5 Kh7 26. g4 Bc8 27. f3 Be6
28. h4 Nc7 29. Bxe6 fxe6 30. Ned7 Nxd7 31. Nxd7 Rbd8 32. Nxf8+ Rxf8 33. Kf2 Rd8
34. Kg3 Rd5 35. Re5 Rd7 36. a4 g6 37. f4 Rf7 38. Rde1 Kg8 39. Rxe6 Nxe6 40.
Rxe6 Kg7 41. Kf3 Rd7 42. Ke3 Kf7 43. f5 gxf5 44. gxf5 Kg7 45. h5 c5 46. dxc5
Rd5 47. Ke4 Rxc5 48. Rg6+ Kh7 49. f6 Rxh5 50. Rg7+ Kh8 51. Rxb7 Rh4+ 52. Ke5
Rxa4 53. Rb8+ Kh7 54. f7 Kg7 1-0

[Event "TuS Coswig 1920-SK 1968"]
[Site "Radebeul"]
[Date "2016.06.28"]
[Round "?"]
[White "Poenisch, Wolfram"]
[Black "Rewitz, Poul"]
[Result "0-1"]
[WhiteElo "1877"]
[BlackElo "2202"]
[PlyCount "76"]
[EventDate "2016.??.??"]

1. d4 g6 2. c4 f5 3. e3 Bg7 4. Nc3 Nf6 5. Be2 d6 6. Qb3 c6 7. f4 Na6 8. Nf3 Qb6
9. Qxb6 axb6 10. Rb1 Nc7 11. a3 Be6 12. O-O h6 13. h3 Bf7 14. Re1 O-O 15. Bf1
Ne6 16. Bd3 Kh8 17. Kh2 Rae8 18. Bd2 Bg8 19. Rg1 Bh7 20. Rbf1 g5 21. fxg5 hxg5
22. g4 f4 23. Bxh7 Nxh7 24. Ne2 Rf7 25. exf4 gxf4 26. Bc3 Nef8 27. g5 Rf5 28.
g6 Nf6 29. Nh4 Rh5 30. Nf3 e5 31. dxe5 dxe5 32. Nxe5 Rhxe5 33. Bxe5 Rxe5 34.
Nxf4 Bh6 35. Rf3 Kg7 36. Rg2 Re4 37. Rgf2 Rxc4 38. Ne6+ Nxe6 0-1

[Event "SK 1968-TuS Coswig 1920"]
[Site "Radebeul"]
[Date "2016.06.28"]
[Round "?"]
[White "David, Anton"]
[Black "Flemmer, Wolfgang"]
[Result "1/2-1/2"]
[WhiteElo "1772"]
[BlackElo "1984"]
[PlyCount "89"]
[EventDate "2016.??.??"]

1. d4 d5 2. c4 e6 3. Nc3 Nf6 4. Nf3 Nbd7 5. cxd5 exd5 6. Bg5 Be7 7. e3 h6 8.
Bh4 c6 9. a3 O-O 10. Bd3 Re8 11. O-O Ne4 12. Bxe7 Qxe7 13. Qc2 Ng5 14. Nd2 Nf6
15. b4 a6 16. Rfe1 Qd6 17. Na4 Nfe4 18. Nxe4 Nxe4 19. Nc5 Nf6 20. Bf5 Bxf5 21.
Qxf5 Rab8 22. Qc2 Re7 23. h3 Rbe8 24. Rab1 Ra8 25. Rec1 Ne8 26. a4 Rc7 27. g3
Qe7 28. Nd3 Rac8 29. Qc5 Qe6 30. Nf4 Qd7 31. Kh2 Nd6 32. Nd3 f6 33. Qc2 Qf5 34.
Nc5 Qf3 35. Rb2 Re7 36. Qe2 Qxe2 37. Rxe2 Kf7 38. Kg2 Rec7 39. Rec2 g6 40. Nd3
Nc4 41. Nb2 b5 42. a5 Re7 43. Nd3 g5 44. Nc5 Ra7 45. Re2 1/2-1/2

[Event "Finland-Blue Wonder"]
[Site "Radebeul"]
[Date "2016.06.28"]
[Round "?"]
[White "Jarnstrom, Henrik"]
[Black "Grossmann, Frank"]
[Result "0-1"]
[WhiteElo "1808"]
[BlackElo "1808"]
[PlyCount "78"]
[EventDate "2016.??.??"]

1. Nf3 d5 2. d3 Nf6 3. g3 Bf5 4. Bg2 e6 5. O-O Be7 6. Bd2 O-O 7. Nh4 Bg6 8.
Nxg6 hxg6 9. Nc3 Nbd7 10. e4 dxe4 11. Nxe4 Nxe4 12. Bxe4 c6 13. Qe2 Nf6 14. Bg2
Rc8 15. Rae1 Qd7 16. Bh3 Rfd8 17. g4 Bd6 18. b3 Nd5 19. f4 Re8 20. Qf3 Qc7 21.
Re2 Re7 22. Rg2 f6 23. c4 Nb4 24. Bxb4 Bxb4 25. d4 Rd8 26. Qd3 Kf7 27. f5 gxf5
28. gxf5 e5 29. Qg3 Rg8 30. Qg6+ Kf8 31. dxe5 Qxe5 32. Bg4 Rh8 33. h3 Rh6 34.
Qxh6 gxh6 35. Rd1 Bd6 36. Rgd2 Bc7 37. Kg2 Qg3+ 38. Kf1 Bb6 39. Rg2 Qf4+ 0-1

[Event "Oranje 1-Wien 1"]
[Site "Radebeul"]
[Date "2016.06.28"]
[Round "?"]
[White "Westerveld, Wim"]
[Black "Strobel, Ferdinand"]
[Result "1-0"]
[WhiteElo "2157"]
[BlackElo "2037"]
[PlyCount "45"]
[EventDate "2016.??.??"]

1. e4 d6 2. d4 Nf6 3. Nc3 g6 4. g3 Bg7 5. Bg2 O-O 6. Nge2 e5 7. h3 exd4 8. Nxd4
Nc6 9. Nde2 Be6 10. O-O Nd7 11. Nd5 Nb6 12. c3 Qe7 13. Bg5 f6 14. Bf4 Qd7 15.
Kh2 Rad8 16. a4 Nc4 17. b3 N4e5 18. Be3 a6 19. f4 Nf7 20. Nd4 Rc8 21. c4 f5 22.
exf5 Bxd5 (22... Nxd4 23. Bxd4 Bxd4 24. Ne7+) 23. Bxd5 1-0

[Event "Oberlausitz-Oranje 3"]
[Site "Radebeul"]
[Date "2016.06.28"]
[Round "?"]
[White "Brauer, Christian"]
[Black "Mostertman, Loek"]
[Result "1/2-1/2"]
[WhiteElo "2102"]
[BlackElo "1958"]
[PlyCount "48"]
[EventDate "2016.??.??"]

1. Nf3 c5 2. c4 Nc6 3. d4 cxd4 4. Nxd4 Nf6 5. Nc3 e6 6. g3 Qb6 7. e3 Bb4 8.
Nde2 O-O 9. Bg2 d5 10. cxd5 Nxd5 11. O-O Nxc3 12. Nxc3 Rd8 13. Qc2 Bd7 14. a3
Be7 15. b4 Rac8 16. Bb2 Ne5 17. Rfd1 Nc4 18. Rac1 a5 19. Qb3 Nxb2 20. Qxb2 axb4
21. axb4 Qxb4 22. Qxb4 Bxb4 23. Na2 Rxc1 24. Rxc1 Bf8 1/2-1/2

[Event "Sachsen-Anhalt-Norway Veteran"]
[Site "Radebeul"]
[Date "2016.06.28"]
[Round "?"]
[White "Bocionek, Dieter"]
[Black "Jenkins, Tom Ivar"]
[Result "1/2-1/2"]
[WhiteElo "1956"]
[BlackElo "1873"]
[PlyCount "52"]
[EventDate "2016.??.??"]

1. d4 Nf6 2. Nc3 d5 3. Bg5 Bf5 4. Bxf6 exf6 5. e3 Bb4 6. Bd3 Bxd3 7. Qxd3 O-O
8. Nge2 c6 9. O-O g6 10. Ng3 f5 11. Nce2 Nd7 12. c4 Bd6 13. cxd5 cxd5 14. Rac1
Nf6 15. Rc2 Rc8 16. Rfc1 Rxc2 17. Qxc2 h5 18. Nf1 Re8 19. Nd2 Qd7 20. Nf3 Qe7
21. Nc3 Kg7 22. Nb5 Bb8 23. Qc5 b6 24. Qxe7 Rxe7 25. Nd2 a6 26. Nc3 f4 1/2-1/2

[Event "SV Dresden-Striesen 1990 e.V.-Freibauer"]
[Site "Radebeul"]
[Date "2016.06.28"]
[Round "?"]
[White "Niese, Dieter"]
[Black "Nagorni, Walter"]
[Result "1/2-1/2"]
[WhiteElo "1811"]
[BlackElo "1982"]
[PlyCount "61"]
[EventDate "2016.??.??"]

1. e4 c5 2. Nf3 Nc6 3. d4 cxd4 4. Nxd4 g6 5. c4 Bg7 6. Be3 Nf6 7. Nc3 Ng4 8.
Nxc6 Nxe3 9. Nxd8 Nxd1 10. Nxf7 Nxc3 11. Nxh8 Bxh8 12. Bd3 Na4 13. Rb1 Nxb2 14.
Kd2 Nxd3 15. Kxd3 b6 16. Rhc1 d6 17. Rc2 Be6 18. a3 Rc8 19. Rb5 Rc5 20. Rxc5
dxc5 21. Ke3 Bd4+ 22. Kd3 Kd7 23. f3 Kc6 24. a4 a6 25. Ra2 b5 26. axb5+ axb5
27. Ra6+ Kd7 28. cxb5 Be5 29. h3 c4+ 30. Kc2 c3 31. Rc6 1/2-1/2

[Event "Dresdner Springer-Norway 3"]
[Site "Radebeul"]
[Date "2016.06.28"]
[Round "?"]
[White "Schwier, Gerd"]
[Black "Tveten, Per"]
[Result "1/2-1/2"]
[WhiteElo "1864"]
[BlackElo "1537"]
[PlyCount "43"]
[EventDate "2016.??.??"]

1. e4 e5 2. Nc3 Nf6 3. Nf3 Nc6 4. d3 Bc5 5. Bg5 h6 6. Bxf6 Qxf6 7. Nd5 Qd8 8.
c3 d6 9. b4 Bb6 10. a4 a6 11. Nxb6 cxb6 12. Be2 O-O 13. O-O f5 14. Nd2 Qf6 15.
Nc4 Qd8 16. Bf3 Be6 17. Ne3 f4 18. Nc4 Qc7 19. Bg4 Bf7 20. Bh5 Be6 21. Bg4 Bf7
22. Bh5 1/2-1/2

[Event "Sweden 3-Tunisia"]
[Site "Radebeul"]
[Date "2016.06.28"]
[Round "?"]
[White "Norevall, Ulf"]
[Black "Malki, Mounir"]
[Result "1-0"]
[WhiteElo "1749"]
[BlackElo "1757"]
[PlyCount "57"]
[EventDate "2016.??.??"]

1. d4 g6 2. c4 Bg7 3. Nc3 Nc6 4. Nf3 h6 5. e4 e5 6. Be3 d6 7. d5 Nce7 8. Nd2 c6
9. Be2 f5 10. f3 Nf6 11. O-O f4 12. Bf2 O-O 13. b4 Bd7 14. Qb3 g5 15. c5 Be8
16. cxd6 Qxd6 17. Nc4 Qb8 18. d6 Ng6 19. Nxe5+ Kh7 20. Nxg6 Bxg6 21. Rad1 b5
22. Rfe1 Bf7 23. Qc2 Rd8 24. e5+ Bg6 25. Bd3 Bxd3 26. Qxd3+ Kg8 27. exf6 Bxf6
28. Qg6+ Bg7 29. Re7 1-0

[Event "Randbauern-BSV Chemie Radebeul"]
[Site "Radebeul"]
[Date "2016.06.28"]
[Round "?"]
[White "Briesemeister, Klaus"]
[Black "Unger, Martin"]
[Result "1/2-1/2"]
[WhiteElo "1756"]
[BlackElo "1514"]
[PlyCount "40"]
[EventDate "2016.??.??"]

1. d4 e6 2. e4 d5 3. e5 c5 4. c3 Nc6 5. Bb5 a6 6. Bxc6+ bxc6 7. Nf3 Qb6 8. O-O
cxd4 9. cxd4 Ne7 10. b3 Ng6 11. Nc3 Qc7 12. Bb2 c5 13. Ne2 Bd7 14. dxc5 Bxc5
15. Rc1 Qb6 16. Bd4 Bxd4 17. Qxd4 Qxd4 18. Nexd4 O-O 19. g3 Rfe8 20. a4 Ne7
1/2-1/2

[Event "BSV Chemie Radebeul-Randbauern"]
[Site "Radebeul"]
[Date "2016.06.28"]
[Round "?"]
[White "Koenig, Manfred"]
[Black "Geibel, Henning"]
[Result "1/2-1/2"]
[WhiteElo "1305"]
[BlackElo "1444"]
[PlyCount "62"]
[EventDate "2016.??.??"]

1. d4 d5 2. c4 e6 3. Nc3 Nf6 4. e3 b6 5. Nf3 Ba6 6. b3 c5 7. Be2 cxd4 8. exd4
Bb4 9. Bb2 Ne4 10. Rc1 O-O 11. cxd5 Bxe2 12. Qxe2 Qxd5 13. O-O Nxc3 14. Bxc3
Bxc3 15. Rxc3 Nc6 16. Qc4 Rfd8 17. Qxd5 Nxd4 18. Nxd4 Rxd5 19. Nc6 Kf8 20. Nb4
Rd2 21. Rc2 Rd6 22. Rfc1 Rad8 23. h3 a5 24. Nc6 Ra8 25. Ne5 b5 26. Rc8+ Rd8 27.
Rxa8 Rxa8 28. Nd7+ Ke7 29. Rc7 Kd6 30. Nb6 Kxc7 31. Nxa8+ Kb7 1/2-1/2

[Event "England 3-Dresdner Seniorenklub"]
[Site "Radebeul"]
[Date "2016.06.28"]
[Round "?"]
[White "Phillips, William"]
[Black "Ziegenbein, Dieter"]
[Result "1/2-1/2"]
[WhiteElo "1852"]
[BlackElo "1701"]
[PlyCount "50"]
[EventDate "2016.??.??"]

1. d4 Nf6 2. Nf3 e6 3. c4 d5 4. Nc3 Bb4 5. Bg5 Bxc3+ 6. bxc3 h6 7. Bh4 O-O 8.
e3 b6 9. cxd5 exd5 10. Bd3 Ba6 11. Bxa6 Nxa6 12. Qd3 Nb8 13. Ne5 Qd6 14. O-O
Nfd7 15. Bg3 Nxe5 16. Bxe5 Qe7 17. f3 c6 18. e4 f6 19. Bg3 Nd7 20. exd5 cxd5
21. Rae1 Qf7 22. Re3 Rfe8 23. Rfe1 Nf8 24. Qe2 Rxe3 25. Qxe3 Ng6 1/2-1/2

[Event "SC Forchheim e.V.-Germany 1 Women"]
[Site "Radebeul"]
[Date "2016.06.29"]
[Round "?"]
[White "Heidrich, Manfred"]
[Black "Burchardt, Brigitte"]
[Result "1-0"]
[WhiteElo "2339"]
[BlackElo "2177"]
[PlyCount "81"]
[EventDate "2016.??.??"]

1. e4 c5 2. c3 d5 3. exd5 Qxd5 4. d4 Nf6 5. Nf3 Bg4 6. dxc5 Qxd1+ 7. Kxd1 e5 8.
b4 e4 9. h3 Bh5 10. g4 Nxg4 11. hxg4 Bxg4 12. Nbd2 exf3 13. Bd3 Nc6 14. Re1+
Be7 15. Kc2 Kf8 16. Be4 a5 17. b5 Nd8 18. c6 bxc6 19. Nxf3 Bh5 20. Ne5 Bg6 21.
Nxg6+ hxg6 22. bxc6 Rc8 23. Rb1 Rh4 24. Bd5 Bf6 25. Ba3+ Kg8 26. Re8+ Kh7 27.
Rh1 g5 28. Bd6 Rxc6 29. Rxd8 Rxc3+ 30. Kd2 Rcc4 31. Bxc4 Rxh1 32. Rd7 Rh4 33.
Bxf7 Rd4+ 34. Ke3 Ra4 35. Be7 Bb2 36. Rd1 g6 37. Bxg5 Rg4 38. f4 Rg3+ 39. Ke4
Kg7 40. Rd7 a4 41. Be8+ 1-0

[Event "Schachfreunde Zeitz-SV Eiche Reichenbra"]
[Site "Radebeul"]
[Date "2016.06.29"]
[Round "?"]
[White "Reimann, Hubert"]
[Black "Fehlhammer, Michael"]
[Result "0-1"]
[WhiteElo "1956"]
[BlackElo "2174"]
[PlyCount "66"]
[EventDate "2016.??.??"]

1. d4 e6 2. Nf3 Nf6 3. e3 b6 4. Bd3 Bb7 5. O-O c5 6. c4 Bxf3 7. Qxf3 Nc6 8.
dxc5 Bxc5 9. Qd1 Qc7 10. Nc3 Rc8 11. a3 O-O 12. b3 Ne5 13. Be2 Rfd8 14. f4 Ng6
15. b4 Nxf4 16. bxc5 Nxe2+ 17. Qxe2 Qxc5 18. Rxf6 gxf6 19. Bb2 Qxc4 20. Qf3 f5
21. e4 Qd4+ 22. Kh1 fxe4 23. Qg3+ Qg7 24. Qe3 d5 25. Nd1 d4 26. Qxe4 Qg6 27.
Qh4 Rd5 28. Nf2 Rc2 29. Bxd4 Rc4 30. Rf1 Rcxd4 31. Qe7 Rd2 32. h4 Qg3 33. Qf6
Rf5 0-1

[Event "Dettmann-Latvia Women"]
[Site "Radebeul"]
[Date "2016.06.29"]
[Round "?"]
[White "Dettmann, Uwe"]
[Black "Ungure, Liga"]
[Result "0-1"]
[WhiteElo "1909"]
[BlackElo "1950"]
[PlyCount "76"]
[EventDate "2016.??.??"]

1. d4 Nf6 2. g3 g6 3. Bg2 Bg7 4. Nf3 O-O 5. O-O d6 6. c3 Nbd7 7. Nbd2 e5 8. Qc2
Re8 9. dxe5 dxe5 10. e4 Nc5 11. Rd1 Qd3 12. Ne1 Qxc2 13. Nxc2 Rd8 14. f3 Be6
15. Ne3 Bh6 16. Ndf1 Rxd1 17. Nxd1 Bxc1 18. Rxc1 Bxa2 19. Nfe3 Rd8 20. Bf1 Rd2
21. Rc2 Rxc2 22. Nxc2 Bb3 23. Nce3 c6 24. Kf2 Nfd7 25. Bc4 b5 26. Bxb3 Nxb3 27.
Ke2 f6 28. Kd3 Ndc5+ 29. Kc2 Kf7 30. Nf2 Ke6 31. Ng2 a5 32. Ne1 f5 33. Ned3 a4
34. Nb4 Kd6 35. Nbd3 Na5 36. Nxc5 Kxc5 37. Nd1 Nc4 38. b3 axb3+ 0-1

[Event "Latvia Women-Dettmann"]
[Site "Radebeul"]
[Date "2016.06.29"]
[Round "?"]
[White "Rozlapa, Vija"]
[Black "Dettmann, Juergen"]
[Result "1-0"]
[WhiteElo "2012"]
[BlackElo "1604"]
[PlyCount "69"]
[EventDate "2016.??.??"]

1. e4 c5 2. Nf3 Nc6 3. Bb5 e6 4. O-O a6 5. Bxc6 bxc6 6. Nc3 Nf6 7. e5 Nd5 8.
Ne4 Be7 9. c4 Nf4 10. d4 Ng6 11. dxc5 O-O 12. Be3 f6 13. exf6 Bxf6 14. Qd2 Ne5
15. Nxe5 Bxe5 16. Bg5 Qe8 17. f4 Qg6 18. Rae1 Bf6 19. Bxf6 gxf6 20. Rf3 Kh8 21.
Rg3 Qf7 22. Qd4 a5 23. Ng5 Qe7 24. Ne4 Ba6 25. b3 Rad8 26. Ree3 Qf7 27. Nd6 Qe7
28. Nf5 Qf7 29. Rg7 Qh5 30. g4 Qxf5 31. gxf5 Kxg7 32. Qd6 Rfe8 33. fxe6 dxe6
34. Qc7+ Kf8 35. Rg3 1-0

[Event "England 3-SG Gera/ Meuselwitz"]
[Site "Radebeul"]
[Date "2016.06.29"]
[Round "?"]
[White "Majer, Chris E"]
[Black "Kohl, Anke"]
[Result "1/2-1/2"]
[WhiteElo "1915"]
[BlackElo "1511"]
[PlyCount "54"]
[EventDate "2016.??.??"]

1. e4 c5 2. d4 cxd4 3. c3 dxc3 4. Nxc3 Nc6 5. Nf3 d6 6. Bc4 a6 7. O-O Nf6 8.
Bg5 e6 9. Qe2 Be7 10. Rfd1 Qc7 11. Rac1 O-O 12. h3 Qb8 13. a3 b5 14. Ba2 Rd8
15. Nxb5 axb5 16. Rxc6 Bb7 17. Rb6 Qc7 18. Qxb5 Bxe4 19. Nd2 Rab8 20. Be3 Nd5
21. Bxd5 Bxd5 22. Nb1 Rxb6 23. Qxb6 Qxb6 24. Bxb6 Rc8 25. Nc3 Bb3 26. Rd2 h6
27. Kf1 Bf6 1/2-1/2

[Event "Finland-SK Kaltenkirchen"]
[Site "Radebeul"]
[Date "2016.06.29"]
[Round "?"]
[White "Karppinen, Martti"]
[Black "Pantel, Heinrich"]
[Result "1-0"]
[WhiteElo "1916"]
[BlackElo "1801"]
[PlyCount "61"]
[EventDate "2016.??.??"]

1. d4 Nf6 2. c4 g6 3. g3 Bg7 4. Bg2 O-O 5. Nc3 c6 6. Nf3 d5 7. cxd5 cxd5 8. O-O
Nc6 9. Bf4 Nh5 10. Be3 Nf6 11. Rc1 h5 12. Ne5 Nxe5 13. dxe5 Ng4 14. Bd4 Nxe5
15. Bxd5 Nc6 16. Bxg7 Kxg7 17. Bxc6 bxc6 18. Qxd8 Rxd8 {(=)} 19. Rfd1 Rxd1+ 20.
Rxd1 Be6 21. b3 f5 22. Rd4 g5 23. Na4 Kf6 24. Nc5 a5 25. h4 g4 26. Kf1 Bd5 27.
Ke1 Be6 28. Ra4 Bd5 29. b4 e5 30. Rxa5 Rxa5 31. bxa5 1-0

[Event "Blue Wonder-SK Norderstedt von 1975 e.V"]
[Site "Radebeul"]
[Date "2016.06.29"]
[Round "?"]
[White "Grossmann, Frank"]
[Black "Voitel, Dietrich"]
[Result "1-0"]
[WhiteElo "1808"]
[BlackElo "1559"]
[PlyCount "87"]
[EventDate "2016.??.??"]

1. e4 c5 2. Nc3 e6 3. Nge2 b6 4. g3 Bb7 5. Bg2 Nc6 6. O-O h6 7. d4 Nf6 8. d5
Nb8 9. d6 Nc6 10. Nb5 Rc8 11. e5 Nh7 12. f4 Rb8 13. Nc7+ Qxc7 14. dxc7 Rc8 15.
Nc3 a6 16. Ne4 Rxc7 17. Nd6+ Bxd6 18. Qxd6 Rc8 19. Rd1 Rd8 20. Be3 Nf8 21. Rd2
Ba8 22. Qc7 Rb8 23. Bxc6 Rd8 24. Bxa8 Rxa8 25. Rad1 Rd8 26. Qxb6 d5 27. exd6
Nd7 28. Qxa6 O-O 29. Qd3 Rc8 30. c4 g6 31. a3 Rb8 32. Rb1 Rfe8 33. b4 e5 34.
bxc5 e4 35. Rxb8 Nxb8 36. Qd5 Nd7 37. c6 Nf6 38. d7 Rd8 39. c7 Nxd5 40. cxd8=Q+
Kg7 41. Rxd5 h5 42. Bd4+ f6 43. Qxf6+ Kh6 44. Qg7# 1-0

[Event "TSG Markkleeberg von 1903-Deutsche Scha"]
[Site "Radebeul"]
[Date "2016.06.29"]
[Round "?"]
[White "Fuchs, Joachim"]
[Black "Carsten, Juergen"]
[Result "0-1"]
[WhiteElo "1819"]
[BlackElo "1789"]
[PlyCount "102"]
[EventDate "2016.??.??"]

1. d4 d5 2. c4 c6 3. cxd5 cxd5 4. Nf3 Nf6 5. Nc3 e6 6. a3 Bd6 7. Bg5 Nbd7 8. e3
O-O 9. Bd3 a6 10. O-O Re8 11. Rc1 b5 12. e4 dxe4 13. Nxe4 Be7 14. Bf4 Nd5 15.
Bg3 f5 16. Nd6 f4 17. Nxe8 fxg3 18. Nxg7 gxh2+ 19. Nxh2 Kxg7 20. Qg4+ Kh8 21.
Qxe6 N7f6 22. Qe2 Bd6 23. g3 Bb7 24. Nf3 Qg8 25. Ne5 Nf4 26. Qe3 N4d5 27. Qh6
Bxe5 28. dxe5 Ng4 29. Qh4 Nxe5 30. Be4 Qg7 31. Qh5 Nf4 32. Qxh7+ Qxh7 33. Bxh7
Ne2+ 34. Kh2 Nxc1 35. Rxc1 Nf3+ 36. Kg2 Ng5+ 37. Kf1 Nxh7 38. f4 Rc8 39. Rxc8+
Bxc8 40. Ke2 Kg7 41. Ke3 Kf6 42. Kd4 Nf8 43. Kd5 Ke7 44. Kc6 Kd8 45. Kb6 Kd7
46. b3 Kd6 47. g4 Nd7+ 48. Ka5 Kc5 49. a4 b4 50. f5 Ne5 51. f6 Nc6# 0-1

[Event "Deutsche Schach-Loewen-TSG Markkleeberg"]
[Site "Radebeul"]
[Date "2016.06.29"]
[Round "?"]
[White "Schwieger, Wolfgang"]
[Black "Beuger, Ronald"]
[Result "0-1"]
[WhiteElo "1825"]
[BlackElo "1776"]
[PlyCount "75"]
[EventDate "2016.??.??"]

1. d4 Nf6 2. Nf3 e6 3. c4 c5 4. e3 cxd4 5. exd4 Nc6 6. a3 Be7 7. Nc3 d5 8. Bf4
a6 9. Be2 O-O 10. Ne5 Ne8 11. cxd5 exd5 12. O-O Be6 13. b4 Rc8 14. Na4 a5 15.
Nxc6 bxc6 16. Nc5 axb4 17. axb4 Qb6 18. Qd2 Bd6 19. Be3 Nf6 20. Ra6 Qb8 21. g3
h5 22. f4 Bxc5 23. bxc5 Ng4 24. Qc3 Nxe3 25. Qxe3 Rfe8 26. Qc3 Bh3 27. Re1 Rc7
28. Bxh5 Rce7 29. Raa1 Qb5 30. Re5 g6 31. Be2 Qxe2 32. Rxe2 Rxe2 33. g4 R8e3
34. Qa5 Rg2+ 35. Kh1 Ree2 36. Qd8+ Kg7 37. Qh4 Rxh2+ 38. Kg1 0-1